Fish notes and star songs

Bibliographic Details
Main Author: Hofmeyr,Dianne
Format: Book
Published: London : Simon and Schuster , 2005
Subjects:

MARC

LEADER 00000cam a2200000 7i4500
001 0000007854
005 20160330.0
008 070907
020 |a 0689872925 
090 0 0 |a HOF   |b ENG (2369) 
100 1 |a Hofmeyr,Dianne 
245 1 0 |a Fish notes and star songs   |c Dianne Hofmeyr 
260 |a London :   |b Simon and Schuster ,   |c 2005 
500 |a Teenager ages 13-18 years old (blue) 
650 0 |a Teenagers   |x English   |x Languages 
999 |a 0000991632   |b Book   |c Teenagers   |e Perbadanan Perpustakaan Awam Johor